<?xml version='1.0' encoding='UTF-8'?>
  <record xmlns="http://www.loc.gov/MARC21/slim">
    <leader>00000ctm a2200000Mi 4500</leader>
    <controlfield tag="001">ocn965419813</controlfield>
    <controlfield tag="003">OCoLC</controlfield>
    <controlfield tag="005">20240202180208.2</controlfield>
    <controlfield tag="008">090408q1500    xx            000 0 grc d</controlfield>
    <datafield tag="040" ind1=" " ind2=" ">
      <subfield code="a">QGJ</subfield>
      <subfield code="b">dut</subfield>
      <subfield code="c">QGJ</subfield>
      <subfield code="d">QGJ</subfield>
      <subfield code="d">OCLCL</subfield>
    </datafield>
    <datafield tag="035" ind1=" " ind2=" ">
      <subfield code="a">(OCoLC)965419813</subfield>
    </datafield>
    <datafield tag="100" ind1="0" ind2=" ">
      <subfield code="a">Thucydides.</subfield>
    </datafield>
    <datafield tag="245" ind1="1" ind2="0">
      <subfield code="a">De bello Peloponnesiaco /</subfield>
      <subfield code="c">Thucydides.</subfield>
      <subfield code="f">UBU Hs. 6.</subfield>
    </datafield>
    <datafield tag="260" ind1=" " ind2=" ">
      <subfield code="a">[S.l.] :</subfield>
      <subfield code="b">[s.n.],</subfield>
      <subfield code="c">[ca.1500]</subfield>
    </datafield>
    <datafield tag="300" ind1=" " ind2=" ">
      <subfield code="a">335 fol. ;</subfield>
      <subfield code="c">.. cm</subfield>
    </datafield>
    <datafield tag="336" ind1=" " ind2=" ">
      <subfield code="a">text</subfield>
      <subfield code="b">txt</subfield>
      <subfield code="2">rdacontent</subfield>
    </datafield>
    <datafield tag="337" ind1=" " ind2=" ">
      <subfield code="a">unmediated</subfield>
      <subfield code="b">n</subfield>
      <subfield code="2">rdamedia</subfield>
    </datafield>
    <datafield tag="338" ind1=" " ind2=" ">
      <subfield code="a">volume</subfield>
      <subfield code="b">nc</subfield>
      <subfield code="2">rdacarrier</subfield>
    </datafield>
    <datafield tag="340" ind1=" " ind2=" ">
      <subfield code="a">papier.</subfield>
    </datafield>
    <datafield tag="500" ind1=" " ind2=" ">
      <subfield code="a">Incompleet: het begin tot aan liber I, 7 (echousai chrēmatōn) ontbreekt.</subfield>
    </datafield>
    <datafield tag="500" ind1=" " ind2=" ">
      <subfield code="a">Datering bij H. Omont, Catalogue des manuscrits grecs des bibliothèques publiques des Pays-Bas (Leyde exceptée): 15de eeuw; A. Kleinlogel, Beobachtungen zu einigen 'recentiores'des Thukydides: rond 1300.</subfield>
    </datafield>
    <datafield tag="500" ind1=" " ind2=" ">
      <subfield code="a">Op het laatste schutblad staat geschreven: "Joannis Petri Lucensis. Johannes Petri Estensis qui habet unam p. f.".</subfield>
    </datafield>
    <datafield tag="524" ind1=" " ind2=" ">
      <subfield code="a">Te citeren als: Universiteitsbibliotheek Utrecht Hs. 6.</subfield>
    </datafield>
    <datafield tag="581" ind1=" " ind2=" ">
      <subfield code="a">[P.A. Tiele], Catalogus codicum manu scriptorum Bibliothecae Universitatis Rheno-Trajectinae. I. Trajecti ad Rhenum / Hagae Comitis 1887. p. 2.</subfield>
    </datafield>
    <datafield tag="581" ind1=" " ind2=" ">
      <subfield code="a">M. Cortesi, 'Libri e vicende di Vittorino da Feltre', in: Italia medioevale e umanistica 23 (1980), p. 77-114. p. 93 nr. 32.</subfield>
    </datafield>
    <datafield tag="581" ind1=" " ind2=" ">
      <subfield code="a">J. Irigoin, 'Manuscrit imposé ou copie sur carnets?', in: Scriptorium 46 (1992), p. 88-90. p. 88-90.</subfield>
    </datafield>
    <datafield tag="581" ind1=" " ind2=" ">
      <subfield code="a">A. Kleinlogel, Beobachtungen zu einigen 'recentiores' des Thukidides. Heidelberg 1957. (= Sitzungsberichte der Heidelberger Akademie der Wissenschaften, Philos.-hist. Klasse 1). p. ?.</subfield>
    </datafield>
    <datafield tag="581" ind1=" " ind2=" ">
      <subfield code="a">H. Omont, 'Catalogue des manuscrits grecs des bibliothèques publiques des Pays Bas (Leyde excepté)', in: Centralblatt für Bibliothekswesen 4 (1887), p. 205-211. p. 209 nr. 48.</subfield>
    </datafield>
    <datafield tag="581" ind1=" " ind2=" ">
      <subfield code="a">Thucydides, De bello Peloponnesiaco libri octo, cum adnotationibus integris Henrici Stephani, &amp; Joannis Hudsoni. Rec., &amp; notas suas addidit Josephus Wasse. Editionum curavit, suasque aninadversiones adjecit Carolus Andreas Dukerus. Amsterdam, R. &amp; J. Wetstein &amp; G. Smith, 1731. fol. 2r-v.</subfield>
    </datafield>
    <datafield tag="581" ind1=" " ind2=" ">
      <subfield code="a">Thucydide, La guerre du Péloponnèse. Ed. par J. de Romilly, R. Weil &amp; L. Bodin. 5 dln. Paris 1953-1967. dl. ?, p. ? (cf. {Scriptorium} 24 (1970), p. 251 nr. 624 en {Scriptorium} 25 (1971), p. 220 nr. 521).</subfield>
    </datafield>
    <datafield tag="581" ind1=" " ind2=" ">
      <subfield code="a">G.B. Alberti, 'Questioni tucididee. Per la storia del testo', in: Bollettino del comitato per la preparatione dell'editione nationale dei classici Graeci e Latini, n.s. 13 (1965), p. 15-26. p. ... (cf. {Scriptorium} 24 (1970), p. 375 nr. 10).</subfield>
    </datafield>
    <datafield tag="581" ind1=" " ind2=" ">
      <subfield code="a">N.G. Wilson, From Byzantium to Italy. Greek studies in the Italian Renaissance. London 1992. p. 169.</subfield>
    </datafield>
    <datafield tag="655" ind1=" " ind2="7">
      <subfield code="a">Handschriften (vorm)</subfield>
      <subfield code="0">(NL-LeOCL)088143309.</subfield>
      <subfield code="2">gtt</subfield>
    </datafield>
    <datafield tag="700" ind1="1" ind2=" ">
      <subfield code="a">Pessa, Stefano da,</subfield>
      <subfield code="e">former owner.</subfield>
      <subfield code="4">fmo</subfield>
      <subfield code="5">NL-UtRU</subfield>
    </datafield>
    <datafield tag="700" ind1="1" ind2=" ">
      <subfield code="a">Cleeff, Willem van,</subfield>
      <subfield code="e">former owner.</subfield>
      <subfield code="4">fmo</subfield>
      <subfield code="5">NL-UtRU</subfield>
    </datafield>
    <datafield tag="758" ind1=" " ind2=" ">
      <subfield code="a">De bello Peloponnesiaco UBU Hs. 6 (Text)</subfield>
      <subfield code="1">https://id.oclc.org/worldcat/entity/E39PCY4tqqPKx6q3DP8hgjJyxC</subfield>
      <subfield code="4">https://id.oclc.org/worldcat/ontology/hasWork</subfield>
    </datafield>
  </record>